000 00611nam a2200229Ia 4500
003 OSt
005 20220923230341.0
006 a|||||r|||| 00| 0
007 ta
008 Pun
024 _a279,727
037 _cTextual
040 _aARTS
_cARTS
_bPun
041 _2Pun
_aPun
082 _aO153,1NGU4x, M5
100 _aਸਿੰਘ, ਗੁਰਮੁਖ
_9156291
245 0 _aਗੀਤ ਮੇਰੇ ਹਾਣ ਦੇ
260 _c1985
650 _aਪੰਜਾਬੀ ਸਾਹਿਤ
942 _hO153,1NGU4x, M5
_cTEXL
_2CC
999 _c384194
_d384194